000 00516nam a22001577a 4500
005 20120323125356.0
020 _c50.00
035 _aA-947107
037 _aDPL
_bENG
100 _aKishore, B.R.
_944180
245 _aSamveda /
_cby B.R. Kishore
260 _aNew Delhi
_bDiamond Pocket Books (P) Ltd.
_c1998
300 _a160p.
_c20 cms.
942 _2ddc
_cEN
_h220.21
_mKIS
999 _c64304
_d64304